00677 2200229 4500001002100000005001700021008004100038020001800079035002400097082001000121090002200131100002100153245012500174250001100299260002700310300003000337650002200367850001600389980001400405985000600419999002200425YOGYA-0209000004604720090227031106.0 ind  a979-763-298-9 0010-020900000046047 a248.4 a248.4bRah SlDEP aRAHOYO, Stefanus aSeorang hamba yang meneladani jejak Yesusbmengenang kehidupan & pelayanan ; editor, Stephanus DamariscStefanus, Rahoyo aCet. 2 aYogyakartabAndic2007 axiv, 113 hlmbilusc19 cm aHidup kekristenan aYOPDYOG (M) a23-6-2007 a1 aCB-D.11 2007-070h